Statistiken für Hauptstädte, die Amsterdam am nächsten liegen - 15-Sekunden-Sprint

Klicken Sie hier um das Quiz zu spielen!

Allgemein

  • Dieses Quiz wurde 33 mal gespielt
  • Das Durchschnittsergebnis liegt bei 6 aus 20

Antwortstatistiken

kmHauptstadt% Korrekt
578Berlin
96%
173Brüssel
96%
430Paris
88%
358London
73%
319Luxemburg
58%
622Kopenhagen
50%
756Dublin
23%
631Bern
19%
936Wien
19%
914Oslo
15%
670Vaduz
12%
713Prag
8%
1125Stockholm
8%
1126Andorra la Vella
4%
987Bratislava
4%
979Monaco
4%
1091San Marino
4%
1098Warschau
4%
989Ljubljana
0%
1086Zagreb
0%

Verteilung der Resultate

Perzentil nach korrekt beantworteten Fragen

Anzahl Personen mit jedem Resultat

Ihre Resultats-Entwicklung

Sie haben dieses Quiz noch nicht gespielt